| 000 | 00351nam a2200145Ia 4500 | ||
|---|---|---|---|
| 008 | 230312s9999||||xx |||||||||||||| ||und|| | ||
| 020 | _a0-683-18035-5 | ||
| 082 |
_a613.94 _bSPE-A |
||
| 100 | _aSperoff;leon | ||
| 245 | 0 | _aClinical guide for contraception | |
| 260 |
_bWilliam _aUSA _c1996 |
||
| 300 | _a393 | ||
| 650 |
_aMedical _vsurgery |
||
| 942 | _cBK | ||
| 999 |
_c2755 _d2755 |
||